[Event "NEP-chB"]
[Site "Bhaktapur"]
[Date "2023.02.04"]
[Round "1"]
[White "Dahal, Mission"]
[Black "Bhandari, Kshitiz"]
[Result "0-1"]
[WhiteElo "1729"]
[BlackElo "2045"]
[PlyCount "59"]
[EventDate "2023.02.04"]
[EventType "swiss"]
[EventRounds "9"]
[EventCountry "NEP"]
[SourceTitle "EXT 2024"]
[Source "ChessBase"]
[SourceDate "2023.10.10"]
[SourceVersion "1"]
[SourceVersionDate "2023.10.10"]
[SourceQuality "1"]

1. d4 Nf6 2. c4 e6 3. Nf3 b6 4. g3 Bb7 5. Bg2 Bb4+ 6. Bd2 Be7 7. Nc3 0-0 8. 0-0 c5 9. d5 exd5 10. Nxd5 Nxd5 11. Ne1 Bf6 12. Rb1 d6 13. Bxd5 Bxd5 14. cxd5 Nd7 15. Nc2 b5 16. e4 Re8 17. Re1 a5 18. Na3 Qb6 19. Qe2 Rab8 20. Kg2 c4 21. Bc3 Bxc3 22. bxc3 Qc5 23. Nc2 b4 24. Nd4 Ne5 25. f4 Nd3 26. Rf1 bxc3 27. Nf5 g6 28. Ne7+ Kg7 29. Nc6 Rxb1 30. Rxb1 0-1

[Event "Budha Bhandari Memorial"]
[Site "Budhanilkantha"]
[Date "2019.11.09"]
[Round "1"]
[White "Dahal, Mission"]
[Black "Maharjan, Prem Krishna"]
[Result "0-1"]
[WhiteElo "1411"]
[BlackElo "1906"]
[PlyCount "100"]
[EventDate "2019.11.09"]
[EventType "swiss"]
[EventRounds "9"]
[EventCountry "NEP"]
[SourceTitle "CBM 193 Extra"]
[Source "ChessBase"]
[SourceDate "2020.01.31"]
[SourceVersion "1"]
[SourceVersionDate "2020.01.31"]
[SourceQuality "1"]

1. d4 d5 2. Bf4 c6 3. c3 Nf6 4. Nd2 Bf5 5. e3 Nbd7 6. Ngf3 Qb6 7. Nh4 Bg4 8. Qb3 Nh5 9. h3 Nxf4 10. hxg4 Ne6 11. Qxb6 Nxb6 12. c4 g6 13. Be2 Bg7 14. Rc1 0-0 15. f4 Rac8 16. c5 Nd7 17. Kf2 b6 18. b4 bxc5 19. bxc5 Rb8 20. Rb1 g5 21. Nf5 Bf6 22. fxg5 Nxg5 23. Bd3 e6 24. Ng3 Rxb1 25. Rxb1 Rb8 26. Nf3 Rxb1 27. Bxb1 h6 28. Nh5 Be7 29. Nxg5 hxg5 30. e4 Kf8 31. e5 Nxc5 32. dxc5 Bxc5+ 33. Ke2 Bd4 34. Nf6 Ke7 35. Nh7 Bxe5 36. Nxg5 c5 37. Nf3 Bf4 38. Ne1 c4 39. Nc2 a6 40. a4 a5 41. Ne3 Kd6 42. Kf3 Bg5 43. Bh7 Kc5 44. Bg8 d4 45. Bxf7 Bxe3 46. Bxe6 Kb4 47. Ke2 Bg5 48. Bd7 d3+ 49. Ke1 c3 50. Bb5 c2 0-1

[Event "Kathmandu op"]
[Site "Kathmandu"]
[Date "2018.04.13"]
[Round "2"]
[White "Srijit, Paul1111"]
[Black "Dahal, Mission"]
[Result "1-0"]
[WhiteElo "2351"]
[BlackElo "1366"]
[PlyCount "54"]
[EventDate "2018.04.13"]
[EventType "swiss"]
[EventRounds "9"]
[EventCountry "NEP"]
[SourceTitle "CBM 183 Extra"]
[Source "ChessBase"]
[SourceDate "2018.04.19"]
[SourceVersion "1"]
[SourceVersionDate "2018.04.19"]
[SourceQuality "1"]

1. e4 d5 2. exd5 Nf6 3. d4 Nxd5 4. Nf3 g6 5. c4 Nb6 6. Nc3 Bg7 7. a3 0-0 8. Be3 c6 9. Bd3 Be6 10. Qe2 N8d7 11. 0-0 Nf6 12. Rfd1 Rc8 13. Rac1 Qd7 14. a4 a5 15. d5 cxd5 16. Bxb6 dxc4 17. Bf5 Qc6 18. Bxe6 fxe6 19. Bxa5 Nh5 20. Qe4 Qxe4 21. Nxe4 Bxb2 22. Rc2 Bg7 23. Bc3 Bxc3 24. Nxc3 Rc7 25. Rd4 Rfc8 26. Nd2 e5 27. Re4 Rc5 1-0